Metody pro zjišťování připravenosti platit
Pripravenosť platiť. Kritériá požiadaviek. Metódy. Anglická aukcia. Holandská aukcia.
Salvato in:
| Autore principale: | |
|---|---|
| Natura: | Capitolo di libro |
| Lingua: | ceco |
| Soggetti: | |
| Tags: |
Nessun Tag, puoi essere il primo ad aggiungerne!!
|
MARC
| LEADER | 00000naa$a2200000$$$4500 | ||
|---|---|---|---|
| 001 | 0091136 | ||
| 005 | 20230509080056.9 | ||
| 041 | 0 | |a cze | |
| 044 | |a CZ | ||
| 245 | 1 | 0 | |a Metody pro zjišťování připravenosti platit |c Tomáš Nekvapil |
| 520 | |a Pripravenosť platiť. Kritériá požiadaviek. Metódy. Anglická aukcia. Holandská aukcia. | ||
| 610 | 2 | 0 | |a trh |
| 610 | 2 | 0 | |a zákazníci |
| 610 | 2 | 0 | |a služby |
| 610 | 2 | 0 | |a politika cenová |
| 610 | 2 | 0 | |a ceny |
| 610 | 2 | 0 | |a aukcie |
| 100 | 1 | |a Nekvapil, Tomáš | |